[Event "Yogyakarta Piala Raja 7th"]
[Site "Yogyakarta"]
[Date "2019.10.21"]
[Round "2"]
[White "Pramudhito, Agustinus Arko"]
[Black "Suyud, Hartoyo"]
[Result "1/2-1/2"]
[WhiteElo "2112"]
[BlackElo "2229"]
[PlyCount "61"]
[EventDate "2019.10.21"]
[EventType "tourn"]
[EventRounds "9"]
[EventCountry "INA"]
[SourceTitle "CBM 192 Extra"]
[Source "Chessbase"]
[SourceDate "2019.11.06"]
[SourceVersion "1"]
[SourceVersionDate "2019.11.06"]
[SourceQuality "1"]

1. c4 Nf6 2. Nc3 g6 3. d4 d5 4. Bg5 Ne4 5. Bf4 Nxc3 6. bxc3 Bg7 7. e3 0-0 8. Nf3 c5 9. cxd5 cxd4 10. cxd4 Qxd5 11. Be2 Qa5+ 12. Qd2 Qxd2+ 13. Nxd2 Nc6 14. Rb1 e5 15. dxe5 Nxe5 16. 0-0 b6 17. Nf3 Nc6 18. Bc4 Bb7 19. Bd5 Rad8 20. Rfd1 Na5 21. Bxb7 Nxb7 22. Kf1 Rxd1+ 23. Rxd1 Rd8 24. Rxd8+ Nxd8 25. Ke2 Kf8 26. Kd3 Ke7 27. e4 Nc6 28. Kc4 Kd7 29. Bd2 Ne5+ 30. Nxe5+ Bxe5 31. f4 1/2-1/2

[Event "Yogyakarta Istimewa op"]
[Site "Yogyakarta"]
[Date "2016.08.22"]
[Round "9"]
[White "Mn, Hudallah"]
[Black "Suyud, Hartoyo"]
[Result "1-0"]
[WhiteElo "2040"]
[BlackElo "2193"]
[PlyCount "45"]
[EventDate "2016.08.18"]
[EventType "swiss"]
[EventRounds "9"]
[EventCountry "INA"]
[SourceTitle "EXT 2018"]
[Source "ChessBase"]
[SourceDate "2017.10.13"]
[SourceVersion "1"]
[SourceVersionDate "2017.10.13"]
[SourceQuality "1"]

1. e4 c5 2. Nf3 d6 3. d4 cxd4 4. Nxd4 Nf6 5. Nc3 a6 6. Bc4 e6 7. Bb3 Be7 8. 0-0 0-0 9. f4 Nc6 10. Kh1 Nxd4 11. Qxd4 Bd7 12. f5 e5 13. Qd3 Qc7 14. Bg5 Bc6 15. Bxf6 Bxf6 16. Rad1 Rfd8 17. Nd5 Qa5 18. Nxf6+ gxf6 19. Rf3 Kf8 20. Rh3 Ke7 21. Rxh7 d5 22. exd5 Rxd5 23. Rxf7+ 1-0

[Event "Jakarta Indonesia op 2nd"]
[Site "Jakarta"]
[Date "2012.10.16"]
[Round "8"]
[White "Pitra, Andika"]
[Black "Suyud, Hartoyo"]
[Result "0-1"]
[WhiteElo "2340"]
[BlackElo "2178"]
[PlyCount "104"]
[EventDate "2012.10.11"]
[EventType "swiss"]
[EventRounds "9"]
[EventCountry "INA"]
[SourceTitle "EXT 2013"]
[Source "ChessBase"]
[SourceDate "2012.11.22"]
[SourceVersion "1"]
[SourceVersionDate "2012.11.22"]
[SourceQuality "1"]

1. e4 c6 2. d3 d5 3. Nd2 e5 4. Ngf3 Bd6 5. g3 Nf6 6. Bg2 0-0 7. 0-0 Re8 8. Re1 Bg4 9. h3 Bh5 10. g4 Bg6 11. Nh4 dxe4 12. dxe4 Bc5 13. Nf5 h5 14. Qe2 hxg4 15. hxg4 Nbd7 16. Nb3 Qc7 17. Bg5 Nh7 18. Bh4 Bf8 19. Rad1 f6 20. Qd2 Red8 21. Qa5 b6 22. Qc3 a5 23. a3 Bf7 24. Bf1 a4 25. Nd2 Nc5 26. Bc4 g6 27. Bxf7+ Qxf7 28. Ne3 b5 29. f3 Ne6 30. Ndf1 Nd4 31. Kf2 Bh6 32. Rd3 Bg5 33. Bg3 Nf8 34. Red1 Qh7 35. Kg2 Nfe6 36. Qe1 Bf4 37. c3 Bxg3 38. Kxg3 Ng5 39. cxd4 Qh3+ 40. Kf2 Qxf3+ 41. Kg1 Nh3+ 42. Kh2 Nf2 43. Kg1 Nxd3 44. Rxd3 Rxd4 45. Nd2 Qh3 46. Rxd4 exd4 47. Ng2 Qxg4 48. Qf2 c5 49. Nf1 Kg7 50. Ng3 Rh8 51. Nf4 Rh4 52. Nd5 Qg5 0-1

[Event "Jakarta Indonesia op 2nd"]
[Site "Jakarta"]
[Date "2012.10.13"]
[Round "5"]
[White "Suyud, Hartoyo"]
[Black "Sinurat, Tumpak"]
[Result "1/2-1/2"]
[WhiteElo "2178"]
[BlackElo "2258"]
[PlyCount "108"]
[EventDate "2012.10.11"]
[EventType "swiss"]
[EventRounds "9"]
[EventCountry "INA"]
[SourceTitle "EXT 2013"]
[Source "ChessBase"]
[SourceDate "2012.11.22"]
[SourceVersion "1"]
[SourceVersionDate "2012.11.22"]
[SourceQuality "1"]

1. d4 d5 2. Nf3 Nf6 3. Bg5 Ne4 4. Bf4 e6 5. Nbd2 c5 6. e3 Nc6 7. c3 Nxd2 8. Qxd2 Bd6 9. Bd3 0-0 10. 0-0 Re8 11. Rad1 Bf8 12. Bb1 cxd4 13. exd4 g6 14. Rfe1 b5 15. h4 b4 16. h5 a5 17. Bh6 Bd6 18. hxg6 fxg6 19. c4 Bd7 20. c5 Be7 21. Qf4 Bf6 22. Qg3 Kh8 23. Bg5 Bxg5 24. Nxg5 Qf6 25. Nf3 Rf8 26. Ne5 Nxe5 27. Qxe5 Qxe5 28. Rxe5 Rf6 29. g3 Kg7 30. Bd3 a4 31. f4 a3 32. b3 h5 33. Kf2 h4 34. Rh1 Rh8 35. Kf3 hxg3 36. Rxh8 Kxh8 37. Rg5 Kg7 38. Rxg3 Bc6 39. Kg4 Rf8 40. Rh3 e5 41. dxe5 Bd7+ 42. f5 Bxf5+ 43. Bxf5 Rxf5 44. Re3 Rf2 45. e6 Kf8 46. Kg5 Rc2 47. Kxg6 Rxc5 48. Kf6 Rc3 49. Re2 d4 50. Rh2 Rc6 51. Ke5 d3 52. Kd4 Rd6+ 53. Ke3 Ke7 54. Rd2 Kxe6 1/2-1/2

[Event "Jakarta Indonesia op 2nd"]
[Site "Jakarta"]
[Date "2012.10.12"]
[Round "2"]
[White "Xu, Jun"]
[Black "Suyud, Hartoyo"]
[Result "1-0"]
[WhiteElo "2506"]
[BlackElo "2178"]
[PlyCount "124"]
[EventDate "2012.10.11"]
[EventType "swiss"]
[EventRounds "9"]
[EventCountry "INA"]
[SourceTitle "EXT 2013"]
[Source "ChessBase"]
[SourceDate "2012.11.22"]
[SourceVersion "1"]
[SourceVersionDate "2012.11.22"]
[SourceQuality "1"]

1. d4 d5 2. c4 c6 3. Nf3 dxc4 4. e3 b5 5. a4 e6 6. axb5 cxb5 7. b3 Bb4+ 8. Bd2 Bxd2+ 9. Nbxd2 a5 10. bxc4 b4 11. Ne5 Nf6 12. Qa4+ Bd7 13. Nxd7 Nbxd7 14. Be2 0-0 15. 0-0 Qc7 16. Bf3 Ra7 17. Rfb1 Rb8 18. Qc6 Qd8 19. h3 h6 20. c5 Rc7 21. Qa6 Nxc5 22. Qxa5 Ncd7 23. Ra4 Rc2 24. Qxd8+ Rxd8 25. Nf1 Nd5 26. Bxd5 exd5 27. Raxb4 Nf6 28. R4b2 Rdc8 29. Nd2 g5 30. g4 Kg7 31. Kg2 Ne8 32. Rxc2 Rxc2 33. Nb3 Nd6 34. Nc5 Nc4 35. Kg3 Nd2 36. Rb8 Nf1+ 37. Kf3 Nd2+ 38. Kg2 Nc4 39. Kg3 Nb2 40. Rd8 Nd1 41. Rxd5 Rxf2 42. Re5 Ra2 43. Kf3 Rh2 44. d5 Rxh3+ 45. Ke4 Nc3+ 46. Kd3 Nb5 47. Ne4 Rh1 48. Kc4 Nc7 49. d6 Ne6 50. d7 Rd1 51. Rd5 Rc1+ 52. Nc3 Rg1 53. Re5 Rxg4+ 54. Kb5 Rg2 55. Ne4 Rb2+ 56. Kc6 Rd2 57. Nd6 Kf6 58. Rf5+ Kg6 59. Rxf7 g4 60. Re7 Kf6 61. Rf7+ Kg6 62. Rf1 h5 1-0